[Event "IECG TE.2001.P.00807 email"]
[Site "IECG email"]
[Date "2001.10.06"]
[Round "?"]
[White "Moriana Garcia, Jose Manuel"]
[Black "Munch, Asser"]
[Result "1-0"]
[WhiteElo "1800"]
[BlackElo "800"]
[PlyCount "35"]
[EventDate "2001.10.06"]
[EventType "tourn (corr)"]
[EventRounds "12"]
[SourceTitle "Corr 2008"]
[Source "ChessBase"]
[SourceDate "2008.06.24"]
[SourceVersion "1"]
[SourceVersionDate "2008.06.24"]
[SourceQuality "1"]

1. e4 d6 2. d4 Nf6 3. Nc3 g6 4. Nf3 Bg7 5. Be3 0-0 6. Qd2 c6 7. h3 b5 8. Bd3 Bb7 9. Bh6 Bxh6 10. Qxh6 c5 11. e5 dxe5 12. dxe5 Bxf3 13. exf6 exf6 14. gxf3 Re8+ 15. Ne2 Nc6 16. 0-0-0 Qa5 17. Nf4 Qxa2 18. Nh5 1-0